Statistiche per Giornalisti italiani #3

Clicka qui per fare il quiz!

Statistiche generali

  • Questo quiz è stato fatto 21 volte
  • Il punteggio medio è 7 su 16

Statistiche sulle risposte

Risposta% Corretto
Alberto Angela
100%
Enrico Mentana
100%
Roberto Saviano
100%
Bianca Berlinguer
89%
Marco Travaglio
84%
Paolo Mieli
58%
Corrado Formigli
47%
Lucia Annunziata
47%
Andrea Purgatori
26%
Giorgia Cardinaletti
26%
Luciano Onder
16%
Manuela Moreno
16%
Dario Laruffa
5%
Ugo Zatterin
5%
Giovanni Amendola
0%
Maurizio Martinelli
0%

Distribuzione punteggi

Percentile per numero di risposta

Percentuale di utenti per punteggio

I tuoi punteggi nel tempo

Non hai fatto questo quiz